[Event "CRO-chT3 West"]
[Site "Croatia"]
[Date "2020.10.25"]
[Round "9.4"]
[White "Markovic, Ognjen"]
[Black "Budimir, Sinisa"]
[Result "1-0"]
[WhiteElo "1627"]
[BlackElo "1631"]
[PlyCount "20"]
[EventDate "2020.09.12"]
[EventType "team-tourn"]
[EventRounds "9"]
[EventCountry "CRO"]
[SourceTitle "EXT 2022"]
[Source "ChessBase"]
[SourceDate "2021.10.06"]
[SourceVersion "1"]
[SourceVersionDate "2021.10.06"]
[SourceQuality "1"]
[WhiteTeam "Cres"]
[BlackTeam "Korenica"]
[WhiteTeamCountry "CRO"]
[BlackTeamCountry "CRO"]

1. e4 d5 2. d4 dxe4 3. Nc3 f5 4. f3 exf3 5. Nxf3 Nf6 6. Bc4 Nbd7 7. Ng5 e6 8. Nxe6 Qe7 9. 0-0 Nb6 10. Re1 Kd7 1-0

[Event "CRO-chT3 West"]
[Site "Croatia"]
[Date "2020.10.10"]
[Round "4.4"]
[White "Kvaternik, Sinisa"]
[Black "Budimir, Sinisa"]
[Result "1-0"]
[WhiteElo "1856"]
[BlackElo "1631"]
[PlyCount "73"]
[EventDate "2020.09.12"]
[EventType "team-tourn"]
[EventRounds "9"]
[EventCountry "CRO"]
[SourceTitle "EXT 2022"]
[Source "ChessBase"]
[SourceDate "2021.10.06"]
[SourceVersion "1"]
[SourceVersionDate "2021.10.06"]
[SourceQuality "1"]
[WhiteTeam "Kraljevica"]
[BlackTeam "Korenica"]
[WhiteTeamCountry "CRO"]
[BlackTeamCountry "CRO"]

1. e4 e5 2. Nf3 Nc6 3. Bb5 d6 4. Bxc6+ bxc6 5. 0-0 Bg4 6. h3 Bh5 7. c3 Be7 8. d4 Nf6 9. Re1 0-0 10. Bg5 Nd7 11. Bxe7 Qxe7 12. Nbd2 Qf6 13. Qa4 Nb6 14. Qxc6 Bxf3 15. Nxf3 Rac8 16. dxe5 dxe5 17. Qxf6 gxf6 18. b3 Rcd8 19. Rad1 Rd6 20. Rxd6 cxd6 21. Rd1 Rd8 22. c4 Nc8 23. Nh4 Ne7 24. Kf1 Kg7 25. g4 Kf8 26. Nf5 Nxf5 27. gxf5 a5 28. Ke2 Ke7 29. Rd5 Ra8 30. Kd3 a4 31. b4 a3 32. Kc3 Rc8 33. Ra5 Rg8 34. Ra7+ Kf8 35. Ra8+ Kg7 36. Rxg8+ Kxg8 37. b5 1-0